[Event "Arber op 7th"]
[Site "Bodenmais"]
[Date "2018.08.05"]
[Round "9"]
[White "Melamed, Tatiana"]
[Black "Lorenc, Tomas"]
[Result "1-0"]
[WhiteElo "2386"]
[BlackElo "2208"]
[PlyCount "107"]
[EventDate "2018.07.28"]
[EventType "swiss"]
[EventRounds "9"]
[EventCountry "GER"]
[SourceTitle "EXT 2019"]
[Source "ChessBase"]
[SourceDate "2018.10.10"]
[SourceVersion "1"]
[SourceVersionDate "2018.10.10"]
[SourceQuality "1"]

1. e4 d5 2. exd5 Qxd5 3. Nc3 Qa5 4. d4 Nf6 5. Nf3 Bg4 6. h3 Bh5 7. g4 Bg6 8. Ne5 e6 9. h4 Nbd7 10. Nc4 Qa6 11. Rh3 Bb4 12. h5 Bxc3+ 13. bxc3 Be4 14. g5 Ng8 15. a4 Qc6 16. Ne5 Qd6 17. Ba3 c5 18. Bb5 Bc6 19. Bxc6 bxc6 20. Nxd7 Qxd7 21. Bxc5 Ne7 22. Rb1 0-0 23. h6 e5 24. hxg7 Qxh3 25. gxf8Q+ Rxf8 26. Bxe7 Re8 27. Rb7 Qxc3+ 28. Qd2 Qa1+ 29. Ke2 Qxa4 30. Qd3 exd4 31. Kf3 c5 32. Qe4 Qa6 33. Bf6 Rf8 34. Qe7 Qc6+ 35. Kg3 Qc8 36. Rc7 Qb8 37. Be5 Qb1 38. Qf6 Qg1+ 39. Kh3 Qh1+ 40. Bh2 Qf1+ 41. Kg4 Qg2+ 42. Bg3 Qe4+ 43. Kh5 Qxc2 44. Kh6 Qg6+ 45. Qxg6+ hxg6 46. Rxc5 Ra8 47. Bc7 Rc8 48. Rd5 Kf8 49. Bd6+ Ke8 50. Rxd4 Rc2 51. f4 Rh2+ 52. Kg7 a5 53. Re4+ Kd7 54. Bf8 1-0